| 000 | 00344nam a22001457a 4500 | ||
|---|---|---|---|
| 008 | 210429b ||||| |||| 00| 0 eng d | ||
| 020 | _a9781464190155 | ||
| 041 | _aeng | ||
| 080 |
_22nd _a575 |
||
| 082 | _a575 | ||
| 100 | _a5 | ||
| 101 | _aBIO | ||
| 245 |
_aEssentials of General, Organic, and Biochemistry _cDenise Guinn |
||
| 942 |
_2udc _cBK |
||
| 999 |
_c56940 _d56940 |
||